02783nam a22003977a 4500003000900000008004100009040007100050082002300121110003100144245007300175260005500248300002900303440007000332505147600402650002301878650002501901650002001926650002501946650002301971650002401994650001702018650001902035650002902054700002702083700003102110700003202141700002702173700002002200700001802220700001802238700003202256700002202288700001902310700002802329700002802357AR-CdUCM190425b ||||| |||| 00| 0 spa d aMUNICIPALIDAD PROVINCIAL DEL CUSCOcBIBLIOTECA MUNICIPAL DEL CUSCO aRev.AHC/N°16/2004 aArchivo Regional del Cusco aRevista del Archivo Regional del Cusco /cArchivo Regional del Cusco aCusco :b[s.n]bArchivo Regional del Cusco,c2004. a310 páginas. :c23 cm. aRevista del Archivo Histórico Regional del Cusco.nN°16, 2004. aContenido: De la conquista y la resistencia. -- La jura de Carlos IV en el Cusco la nobleza indígena reafirma su fidelidad al rey. -- La virgen del Rosario de Pomata en su iglesia y en el virreinato. -- La escuela del Cusco artistas y talleres. -- Ángel Vega Enríquez un gestor de la historia cuzqueña. -- El clero en la revolución de 1814 dimensión fiscal de la insurgencia. -- Parentesco, escritura y poder los Gamarra y la escritura pública en el Cusco. -- Nota sobre el cuaderno N°8, legajo N°27, del Fondo Corregimiento del ADC y la historia incaica. -- Para siempre xamas, función e impacto de las capellanías cuzqueñas siglos XVIII y XIX. -- Sucinta relación de corregidores del Cusco 1548-1784. -- Obelisco en el Huanacauri o Wanakauri. -- Algunos apuntes sobre la ciudad de la platería o Choquequiraw. -- Fuentes mitológicas geopolíticas y arqueológicas para el estudio de los Tampus Tambo Tampu. -- Sobre los archivos regionales. -- Qheswa a propósito del primer diccionario de la lengua Quechua de la AMLQ. -- Anta. -- ¿Para que sirve la historia? diez utilidades. -- ¿Pulcritud? o ¿depredación modernista de nuestra identidad? -- Índice de primeros quince números de la Revista del Archivo Regional de Cusco 1950-2000. -- Titulación y legalidad en un ámbito rural del Cusco catálogo del fondo documental del Archivo del Ministerio de Agricultura de Sicuani documentos relativos a la provincia de Chumbivilcas. aNobles indígenas aArtistas cusqueños aArte cusqueño aRevolución de 1814 aHistoria del Cusco aFondo Corregimiento aCorregidores aApus del Cusco aArqueología cusqueña aAmado Gonzales, Donato aCáceres Olivera, Roberto aVillanueva Urteaga, Horacio aRuiz del Pardo, Carmen aDamián, Carol aCahill, David aBums, Kathryn aNajarro Espinoza, Margareth aSegalini, Laurent aMillies, Diana aAngles Vargas, Víctor aAguirre Cárdenas, Max